| LEADER |
01133nam0a2200229 450 |
| 001 |
16868133 |
| 010 |
|
|
|a 978-2-07-513910-6
|b br.
|d 18
|
| 100 |
|
|
|a 20191224d2020 u u0frey01 ba
|
| 101 |
0 |
|
|a fre
|
| 102 |
|
|
|a FR
|
| 200 |
0 |
|
|a vent se lève (Le)
|f Timothée de Fombelle
|g illustré par François Place
|
| 207 |
|
1 |
|a
|
| 215 |
|
|
|a 1 vol. (388 p.)
|c illustrations en noir et blanc
|d 23 cm
|
| 225 |
1 |
|
|v 1
|
| 300 |
|
|
|a Tomaison
|
| 330 |
|
|
|a En 1786, Alma, 13 ans, quitte la vallée d'Afrique qui la protège du reste du monde pour partir seule à la recherche de son petit frère disparu. Pendant ce temps, à Lisbonne, le jeune Joseph Mars embarque clandestinement sur La Douce Amélie, l'imposant navire de traite du cruel capitaine Gardel. Il est en quête d'un immense trésor mais c'est Alma qu'il découvre. Electre 2020
|
| 461 |
|
0 |
|t Alma
|v 1
|
| 700 |
|
0 |
|a Fombelle
|b Timothée de
|f 1973-....
|4 70
|
| 702 |
|
0 |
|a Place
|b François
|c auteur-illustrateur
|f 1957-....
|4 440
|
| 900 |
|
|
|a Roman (jeunesse)
|
| 901 |
|
|
|a Jeunesse
|
| 995 |
|
|
|a Médiathèque
|c Médiathèque
|f 00156012311288
|h 00156012311288
|k J FOM ALM 1
|o p
|q j
|r az
|e Médiathèque
|